01902nam a2200241Ia 4500001000600000003000900006008004100015040001300056040001300069041001300082100001900095100002900114245006600143245006400209250001100273260000900284260001200293260004900305300005900354500119200413650002401605650003101629H9059IT-RoPAU130308s9999 xx 000 0 und d aIT-RoPAU cIT-RoPAU aITALIANO aFerri Gabriele gCodice Aut. SPICS: 59621 aCibo officinale (Il). Un farmaco di automedicazione piacevole bDiscorso della salute (Il). Verso una sociosemiotica Medica a1a ed. aROMA bMeltemi c2005 [1° Ed.:2005 - Ed.Ling.Originale:2005] a"15 p. (prefazione: no ; testo: 15 [pagine: 311-326])" a"Introduzione: Viveresani e belli settimanale di salute e Bellezza; Considerazioni Preliminari Sul Corpus, Descrizione Generale; Elementi Omessi Dalcorpus. Perche' studiare cibo Officinale? Sulla convergenza dei Discorsi Ealcune Definizioni dal Vocabolario: Testi di Tipo Medico; riviste di Bellezza; Benessere; Discorso Medico Alimentare; breve Incursione nell'Ambito Giornalistico; Non Burdening in Ambito Medico Alimentare; Alcune Questioni Intertestuali e Interoggettuali; benessere un Termine Ponte. Semantica del Benessere: verifica Preliminare, Isotopie; Attualità e Benessere; Primo Ponte da salute a bellezza e Ritorno; Secondo Ponte Sano, Bello, Alimentare; Malesseri, Disturbi e Inestetismi; Sano, Bello, Sano e bello e Sano è Bello;Valori nel testo . temi e figure Alimentari: cibo Officinale di Automedicazione. piacere Gastronomico è sotto Ombrello del Benessete?: Sulidamor, Come test per cibo Officinale; Variabilità del benessere tra salute e Gastronomia; benessere Gastronomico. Alcune Questioni di Semiotica Interpretativa:Lettore Modello; una Ricetta Come Richiesta di cooperazione col testo ; Unacura Reader Oriented? farmaco di Automedicazione Piacevole." aSAGGI DI SEMIOLOGIA eCodice materia Spics: 3257